200 najvecih
Prehľad 140 najväčších juhoslovanských priemyselných, poľnohospodárskych, lesných a stavebných podnikov. 60 obchodných a reštauračných podnikov. 20 dopravných podnikov. Celkový prehľad 240 najväčších podnikov rôznych odvetví. Podrobné údaje o jednotlivých podnikoch. Objem a hodnota výroby, obratu, ú...
Salvato in:
| Natura: | Capitolo di libro |
|---|---|
| Lingua: | serbo |
| Soggetti: | |
| Tags: |
Nessun Tag, puoi essere il primo ad aggiungerne!!
|
MARC
| LEADER | 00000naa a2200000 4500 | ||
|---|---|---|---|
| 001 | r002244 | ||
| 005 | 20220819193622.4 | ||
| 041 | 0 | |a srp | |
| 044 | |a YU | ||
| 245 | 1 | 0 | |a 200 najvecih |
| 520 | |a Prehľad 140 najväčších juhoslovanských priemyselných, poľnohospodárskych, lesných a stavebných podnikov. 60 obchodných a reštauračných podnikov. 20 dopravných podnikov. Celkový prehľad 240 najväčších podnikov rôznych odvetví. Podrobné údaje o jednotlivých podnikoch. Objem a hodnota výroby, obratu, údaje o dovoze a vývoze, plány rozvoja. Telefonný zoznam riaditeľov podnikov platný v r. 1989. | ||
| 610 | 2 | 0 | |a podnik veľký |
| 610 | 2 | 0 | |a podnik priemyselný |
| 610 | 2 | 0 | |a podnik poľnohospodársky |
| 610 | 2 | 0 | |a podnik obchodný |
| 610 | 2 | 0 | |a podnik stavebný |
| 610 | 2 | 0 | |a podnik dopravný |
| 610 | 2 | 0 | |a objem výroby |
| 610 | 2 | 0 | |a obrat obchodný |
| 610 | 2 | 0 | |a dovoz |
| 610 | 2 | 0 | |a vývoz |
| 610 | 2 | 0 | |a údaje štatistické |
| 610 | 2 | 0 | |a SFRJ |